000 00882nam a2200253Ia 4500
003 GCL
008 140319s9999 xx 000 0 ara d
040 _aGCL /
_cGCL
082 0 4 _a301.241
_bك ع
100 1 _aسليم حداد (مترجم)
245 1 0 _aالعرق والتاريخ /
_cسليم حداد (مترجم)
700 1 _aكلود ليفى شتراوس
260 _a[S.N] :
_bالمؤسسة الجامعية للدراسات والنشر والتوزيع ،
_c1988
300 _a103 ص
490 _aالسلسلة الاجتماعية
_v0
650 0 4 _aالحضارة العربية الاسلامية - المعارف البحرية
650 0 4 _aالعرق
650 0 4 _aالثقافة
650 0 4 _aالثقافة العربية
650 0 4 _aالعنصرية
650 0 4 _aالحضارة العراقية
650 0 4 _aاوربا
942 _2ddc
_cBK
999 _c36571
_d36571